000 00650nam a2200241Ia 4500
003 OSt
005 20220923224446.0
006 a|||||r|||| 00| 0
007 ta
008 Pun
024 _a233,221
037 _cTextual
040 _aARTS
_cARTS
_bPun
041 _2Pun
_aPun
082 _aO153:g, K3
100 _aਸਿੰਘ, ਅਤਰ
245 0 _aਦ੍ਰਿFਟੀਕੋਣ
260 _aਲੁਧਿਆਣਾ
_b ਲਾਹੌਰ ਬੁਕ Fਾਪ
_c1963
300 _a297ਪੰ
_ccm.
650 _aਪੰਜਾਬੀ ਸਾਹਿਤ
942 _hO153:g, K3
_cTEXL
_2CC
999 _c371577
_d371577